000 00819nam a2200229 a 4500
003 BD-DhJNU
005 20250521070124.0
008 971226s1997 bg b 001 0 eng
020 _a9840513931
040 _aBD-DhJNU
_bENG
_cBD-DhJNU
_dBD-DhJNU
082 0 0 _a307.14 AMD
_223
100 1 _aAmin, Ruhul
245 1 0 _aDevelopment strategies and socio-demographic impact of non-governmental organizations :
_bevidence from rural Bangladesh /
_cRuhul Amin
260 _aDhaka :
_bThe University Press,
_c1997.
300 _axi, 137p. :
_cill. ;
_b22 cm.
504 _aIncludes bibliographical references and index
650 0 _aRural development
_zBangladesh.
650 0 _aBirth control
_zBangladesh.
650 0 _aNon-governmental organizations
_zBangladesh.
651 0 _aBangladesh
_xSocial policy.
942 _cBK
_2ddc
999 _c1723
_d1723